Train accident in bangladesh (Record no. 17014)

000 -LEADER
fixed length control field 00398pab a2200145 454500
008 - FIXED-LENGTH DATA ELEMENTS--GENERAL INFORMATION
fixed length control field 180718b1987 xxu||||| |||| 00| 0 eng d
100 ## - MAIN ENTRY--PERSONAL NAME
Personal name Rahim, M.A
245 ## - TITLE STATEMENT
Title Train accident in bangladesh
Remainder of title Courses and remedies
260 ## - PUBLICATION, DISTRIBUTION, ETC.
Date of publication, distribution, etc. 1987
300 ## - PHYSICAL DESCRIPTION
Extent 117-31
362 ## - DATES OF PUBLICATION AND/OR SEQUENTIAL DESIGNATION
Dates of publication and/or sequential designation Jan.
650 ## - SUBJECT ADDED ENTRY--TOPICAL TERM
Topical term or geographic name entry element Railroads - Accident - Bangladesh
773 ## - HOST ITEM ENTRY
Main entry heading Bangladesh Journal of Public Administration
909 ## -
-- 17014
Holdings
Withdrawn status Lost status Damaged status Not for loan Permanent Location Current Location Date acquired Serial Enumeration / chronology Barcode Date last seen Price effective from Koha item type
        Indian Institute of Public Administration Indian Institute of Public Administration 2018-07-19 Issue no: 1 AR17074 2018-07-19 2018-07-19 Articles

Powered by Koha